Propagation of electromagnetic waves in below cut-off waveguide with ferromagnetic slab

Bibliographic Details
Main Authors: Hyben, P. (Author), Češkovič, Rudolf (Author), Keszegh, Ľudovít (Author), Veselovský, I. (Author), Kaboš, Pavel, 1947- (Author)
Format: Article
Language:Slovak
English
PhysicalDescription:Grafy 2, obr. 1, lit. 7 zázn. v angl., ruš.
ISSN:0323-0465
Subjects:

MARC

LEADER 00000nab a2200000 a 4500
001 vtls000511148
003 SK-MaSNL
005 20260304090432.0
008 250425c1993 xo 0 slo
015 |a SNBRB19rr/mm-uuuuu 
035 |a CL0511286 
035 |a urn:nbn:sk:snk-abcs7 
035 |a (urnnbn)urn:nbn:sk:snk:ar-a047sg 
035 |a (uuid)02af040c-50c9-4c49-8902-0105c6000178 
040 |a SNKBUCL  |b slo  |c SNKBUCL  |e AACR2 
041 0 |a eng 
044 |a xo  |c SK 
080 |a 621.372.8:621.318.042.1:537.622.4:537.87  |2 1981 
080 |a 621.318.042.1  |2 1981 
080 |a 537.622.4  |2 1981 
080 |a 537.87  |2 1981 
245 0 0 |a Propagation of electromagnetic waves in below cut-off waveguide with ferromagnetic slab  |c P. Hyben ... [et al.] 
300 |b Grafy 2, obr. 1, lit. 7 zázn. v angl., ruš. 
650 0 7 |a obdĺžnikové vlnovody  |2 SNK  |9 1381468 
650 0 7 |a elektromagnetické vlny  |2 SNKPH  |9 50842 
650 0 7 |a feromagnetické jadrá  |2 SNK  |9 345021 
655 7 |a články z novín a časopisov  |2 SNK  |9 267496 
700 1 |a Hyben, P.  |4 aut  |9 1181175 
700 1 |a Češkovič, Rudolf  |4 aut  |9 1381469 
700 1 |a Keszegh, Ľudovít  |4 aut  |9 44785 
700 1 |a Veselovský, I.  |4 aut  |9 1381470 
700 1 |a Kaboš, Pavel,  |d 1947-  |4 aut  |9 48854 
773 0 |t Acta physica slovaca  |g Roč. 43, č. 5 (1993), s. 367-374  |x 0323-0465 
850 |a Slovenská národná knižnica 
852 |a Slovenská národná knižnica 
958 |a article27 
958 |a RK 
958 |a NB 
958 |a OND 
958 |a EUIPO 
992 |a RBX 
999 |c 2811461  |d 2813391